Judicature

Detalles Bibliográficos
Autores Corporativos: American Judicature Society, University of Michigan. Law School
Formato: Desconocido
Lenguaje:inglés
Publicado: Chicago : American Judicature Society
Materias:
Acceso en línea:Acceso restringido

MARC

LEADER 00000ny a22000003n 4500
005 20110512135533.0
007 cr||||||||||||
008 091202s us 000 eng d
022 |a 0022-5800 
035 |a 4033 
040 |a BUS  |d vLex 
090 |c 1796  |d 1796 
245 0 0 |a Judicature  |h [Recurso electrn̤ico] 
256 |a Servicio en ln̕ea 
260 |a Chicago :  |b American Judicature Society 
310 |a Mensual 
506 1 |a Contenido solo disponible en los productos indicados  |d vLex Global  |d vLex Global (Academic Edition, excluding Law Schools)  |d vLex Global (U.S. Academic Edition, excluding Law Schools) 
650 0 4 |a Derecho  |z Estados Unidos  |x Publicaciones perid̤icas 
650 0 4 |a Acts and amendments  
710 2 |a American Judicature Society 
710 2 |a University of Michigan.  |b Law School 
740 0 |a vLex Revista (Servicios en ln̕ea) 
843 |a Electrn̤ica. Abierta 
853 |8 1  |i (year)  |j (month)  |k (day) 
856 4 0 |u http://vlex.com/source/4033  |z Acceso restringido 
942 |c REV 
999 4 |a Revistes electrṇiques 
999 4 |a Dret 
999 4 |a Dret  |z Estats Units d'Amr̈ica 
999 4 |a Dret  |z Estats Units d'Amr̈ica  |z Chicago 
999 4 |a Justc̕ia  |z Estats Units d'Amr̈ica